| 000 | 01345nam0a2200313 4500 | ||
|---|---|---|---|
| 001 | RU\NLR\BIBL_A\022362026 | ||
| 005 | 20250627121538.0 | ||
| 010 |
_a978-5-507-49941-0 _930 |
||
| 035 | _a(NLR Aleph) 022362026 | ||
| 090 |
_a13327189 _c13327189 |
||
| 100 | _a20241023d2024 |||y0rusy50 ca | ||
| 101 | 0 | _arus | |
| 102 | _aRU | ||
| 105 | _aa j 000yy | ||
| 181 | 0 |
_ai _baxxe |
|
| 182 | 0 | _an | |
| 200 | 1 |
_aВнедорожные мототранспортные средства: устройство, эксплуатация, сервис _eучебное пособие _fК. В. Филимонов |
|
| 203 |
_aТекст _bвизуальный _cнепосредственный |
||
| 210 |
_aСанкт-Петербург [и др.] _cЛань _d2024 |
||
| 215 |
_a449 с. _cил., цв. ил. _d22 |
||
| 225 | 1 | _aВысшее образование | |
| 320 | _aБиблиогр.: с. 448-449 (41 назв.) | ||
| 606 | 1 |
_aТранспортные машины повышенной проходимости _jУчебные издания для высших учебных заведений _91054588 _3RU\NLR\AUTH\6689977 |
|
| 686 | 1 | _aО12я73-1 | |
| 700 | 1 |
_aФилимонов _bК. В. _gКонстантин Владимирович |
|
| 942 | _cBOOK | ||
| 980 | _aNB | ||